000 00740nam a22002057a 4500
008 130821s1928 xxu gr eng
040 _aCo-BoUCM
_bspa
041 0 0 _aeng
092 _aFN 000162
100 _aJoyce, James
_d1882-1941
_9155266
245 0 2 _aAportrait of the artist as a young man
_cBy James Joyce, introduction by Herbert Joyce
260 _aNueva York (Estados Unidos)
_bRandom House
_c1928
300 _axii, 299 páginas
490 _aThe Modern Library of the Worlds Best Books
500 _aEste libro se encuentra en el depósito de la Biblioteca
650 0 4 _aLiteratura irlandesa
_918691
650 0 4 _aNovela irlandesa
_920532
700 _aGorman, Herbert., Introducción
_9170855
942 _cLIBRO
_a27
_e1
_n0
999 _c85554
_d85554